000 01511nam a2200241Ia 4500
003 Ost
005 20260416102352.0
008 260416s9999||||xx |||||||||||||| ||und||
040 _cfsecg
041 _aara
082 _a657
100 _aسماي، علي
_eمؤلف
245 0 _aمحاضرات في نظرية المحاسبة /
_c علي سماي
260 _aالجزائر
_bجامعة الجزائر3: كلية العلوم الإقتصادية، العلوم التجارية وعلوم التسيير
_c2017
300 _a104 ورقة
_bايضاحات
_c30 سم
504 _aمراجع ص.104
520 _aماهية المحاسبة وتطورها الوظيفي، ماهية النظرية المحاسبية، أساليب بناء النظرية المحاسبية، التطور التاريخي لنظرية المحاسبة، الاطار المفاهيمي لنظرية المحاسبة، التحول من الامحاسبة المحلية الى المحاسبة الدولية، الافصاح والقياس المحاسبي، الخصائص النوعية للمعلومات المحاسبية، المحاسبة عن المسؤولية الاجتماعية.
653 _aالمحاسبة
653 _aالمحاسبة الدولية
653 _aالنظام المحاسبي الموحد
710 _aجامعة الجزائر3: كلية العلوم الإقتصادية، العلوم التجارية وعلوم التسيير
_eناشر علمي
942 _cHANDOUT
999 _c41049
_d41049